El libro del dónde / (Registro nro. 9374)
[ vista simple ]
| 000 -LEADER | |
|---|---|
| fixed length control field | 00920nam a22002897a 4500 |
| 001 - CONTROL NUMBER | |
| control field | 240035 |
| 003 - CONTROL NUMBER IDENTIFIER | |
| control field | DO-SdBNP |
| 005 - DATE AND TIME OF LATEST TRANSACTION | |
| control field | 20180126140959.0 |
| 007 - PHYSICAL DESCRIPTION FIXED FIELD--GENERAL INFORMATION | |
| fixed length control field | 240035 |
| 008 - FIXED-LENGTH DATA ELEMENTS--GENERAL INFORMATION | |
| fixed length control field | 160322b 1973 sp ||||| |||| 00| 0 spa d |
| 020 ## - INTERNATIONAL STANDARD BOOK NUMBER | |
| International Standard Book Number | 8425305136 |
| 040 ## - CATALOGING SOURCE | |
| Original cataloging agency | BPMSU |
| Language of cataloging | spa |
| Transcribing agency | BPMSU |
| 092 ## - LOCALLY ASSIGNED DEWEY CALL NUMBER (OCLC) | |
| Classification number | xxxx |
| Item number | xxxx |
| 100 1# - MAIN ENTRY--PERSONAL NAME | |
| Personal name | Zanini, Giuseppe |
| 245 10 - TITLE STATEMENT | |
| Title | El libro del dónde / |
| Statement of responsibility, etc. | Giuseppe Zanini ; colaboradores Andrea Bonanni, Pinuccia Bracco Glauco Pretto ; traducido por María Antonia Menini. |
| 260 ## - PUBLICATION, DISTRIBUTION, ETC. (IMPRINT) | |
| Place of publication, distribution, etc. | Barcelona, España : |
| Name of publisher, distributor, etc. | Ediciones Danes, |
| Date of publication, distribution, etc. | 1973. |
| 300 ## - PHYSICAL DESCRIPTION | |
| Extent | 188 p |
| Other physical details | il. ; |
| Dimensions | 27 cm. |
| 490 1# - SERIES STATEMENT | |
| Series statement | Biblioteca básica juvenil |
| 700 12 - ADDED ENTRY--PERSONAL NAME | |
| Personal name | Bonanni, Andrea, |
| Relator term | col. |
| 700 12 - ADDED ENTRY--PERSONAL NAME | |
| Personal name | Bracco, Pinuccia, |
| Relator term | col. |
| 700 12 - ADDED ENTRY--PERSONAL NAME | |
| Personal name | Pretto, Glauco, |
| Relator term | col. |
| 700 12 - ADDED ENTRY--PERSONAL NAME | |
| Personal name | Menini, María Antonia, |
| Relator term | tr. |
| 830 #0 - SERIES ADDED ENTRY--UNIFORM TITLE | |
| Uniform title | Biblioteca básica juvenil |
| 942 ## - ADDED ENTRY ELEMENTS (KOHA) | |
| Source of classification or shelving scheme | Dewey Decimal Classification |
| Koha item type | Libros |
| 945 ## - LOCAL PROCESSING INFORMATION (OCLC) | |
| a | Inventariado, 2018 /LP |
| 956 ## - LOCAL ELECTRONIC LOCATION AND ACCESS (OCLC) | |
| Host name | LOPEREZ |
| Access number | 10 |
| Withdrawn status | Lost status | Source of classification or shelving scheme | Damaged status | Not for loan | Collection code | Home library | Current library | Date acquired | Source of acquisition | Total Checkouts | Barcode | Date last seen | Price effective from | Koha item type |
|---|---|---|---|---|---|---|---|---|---|---|---|---|---|---|
| Dewey Decimal Classification | Colección General | Biblioteca Pública Metropolitana Salomé Ureña | Biblioteca Pública Metropolitana Salomé Ureña | 03/22/2016 | Donado por FUNDI | BPMSU16030258 | 03/22/2016 | 03/22/2016 | Libros |